| 000 | 00527nam a2200169 i 4500 | ||
|---|---|---|---|
| 001 | 50514 | ||
| 003 | ES-MaACL | ||
| 005 | 20230906162208.0 | ||
| 007 | t| | ||
| 008 | 030805s1959 sp ||||1| spa d | ||
| 100 | 1 |
_aCumberland, Marten. _942154 |
|
| 245 | 1 | 3 |
_aEl caso de Lorrain-Prad Bank / _cMarten Cumberland ; [versión española de D. Martínez Sagrera]. |
| 260 |
_aBarcelona : _bG.P., _c[1959] ( _fGuada) |
||
| 300 |
_a159 p. ; _c18 cm. |
||
| 700 | 1 |
_aMartínez Sagrera, D. _978397 |
|
| 852 |
_aES-MaACL _jC-17066 _bR.44467 |
||
| 999 |
_c50514 _d50514 |
||